Statistics for Biggest Trading Partners - Greenland

Click here to take the quiz!

General Stats

  • This quiz has been taken 241 times
  • The average score is 12 of 15

Answer Stats

ExportsCountry% Correct
$449 MDenmark
99%
$5.71 MUnited States
99%
$8.58 MCanada
97%
$61.3 MSweden
96%
$2.66 MNorway
95%
$262 KGermany
93%
$1.70 MRussia
92%
$85France
91%
$16.1 MChina
90%
$17.5 MIceland
87%
$9.24 MNetherlands
81%
$46.1 MPortugal
50%
$9.07 MAustria
45%
$445 KEstonia
37%
$357Greece
33%

Score Distribution

Percentile by Number Answered

Percent of People with Each Score

Your Score History

You have not taken this quiz